00438nam a2200145 a 450000100100000000500170001000800410002704000250006808200100009310000310010324500570013426000480019130000210023950000320026000001646620200929164922.0100305s1997 dr 001 0 spa d aDO-SdBNPbspacBNPHU bP579d1 aPiña Martínez, Alfredo10aDerecho procesal civil /cAlfredo Piña Martínez. aSan Francisco de Macorís :bKalis,c1997. a184 p. ;c22 cm. aLa biblioteca posee el t. 2